000 00741cam a22002411 4500
001 7946800
003 OSt
005 20230704091147.0
008 770211s1958 nz achb b 000 0 eng
010 _a 58040191
035 _a(OCoLC)2735135
040 _aDLC
_cViU
_dDLC
050 0 0 _aJQ5811
_b.M3
082 _a342.931
_bMCI
100 1 _aMcLintock, A. H.
_q(Alexander Hare)
245 1 0 _aCrown colony government in New Zealand.
260 _aWellington,
_bR. E. Owen, Govt. printer,
_c1958.
300 _axix, 475 p.
_billus., ports., facsims., fold. map.
_c25 cm.
504 _aBibliography: p. [434]-458.
651 0 _aNew Zealand
_xPolitics and government.
906 _a7
_bcbc
_coclcrpl
_du
_encip
_f19
_gy-gencatlg
942 _2ddc
_cBK
999 _c3590
_d3590